000
00297nam a22001337a 4500
008
171013b xxu||||| |||| 00| 0 eng d
020
_a
0534028144
041
_a
eng
080
_2
2ND
_a
316
100
_a
51
101
_a
SOC
245
_a
ANALYZING SOCIAL SETTINGS
_c
LOFLAND,J
942
_2
udc
_c
BK
999
_c
33692
_d
33692